Jak nazywają się te ikoniczne postacie z horrorów? - Statystyki

Ogólne statystyki
  • Ten quiz został rozwiązany 159 razy
  • Średni wynik to 9 z 14
Statystyki odpowiedzi
Obrazkowy Odpowiedź % Poprawnych
Chucky
91%
Freddie Krueger
89%
Pennywise
88%
Annabelle
83%
Michael Myers
78%
Ghostface
74%
Samara Morgan
68%
Jigsaw
66%
Leatherface
62%
Pinhead
53%
Hannibal Lecter
50%
Jason Voorhees
39%
Jack Torrance
21%
Xenomorph
21%
Nie znaleziono quizów pasujących do podanych kryteriów
Rozkład punktacji
Procent ludzi z każdym wynikiem
Percentyl według liczby udzielonych odpowiedzi
Twoja historia wyników
Nie rozwiązałeś tego quizu